| 000 | 00438nam a2200145 i 4500 | ||
|---|---|---|---|
| 001 | 83919 | ||
| 003 | ES-MaACL | ||
| 007 | t| | ||
| 008 | 041118s1976 sp ||||1| spa d | ||
| 100 | 1 |
_aIturrino, Francisco. _965636 |
|
| 245 | 1 | 0 |
_aBanco de Bilbao, Madrid _b: marzo-mayo, 1976 / _cFrancisco Iturrino. |
| 260 |
_aBilbao : _bBanco de Bilbao, _c1976. |
||
| 300 |
_a128 p., 18 lám. : _bil. ; _c26 cm. |
||
| 852 |
_aES-MaACL _jL-874 _bR.101771 |
||
| 999 |
_c83919 _d83919 |
||